| 000 | 00644nam a2200229Ia 4500 | ||
|---|---|---|---|
| 003 | OSt | ||
| 005 | 20221005133715.0 | ||
| 006 | a|||||r|||| 00| 0 | ||
| 007 | ta | ||
| 008 | 221004b |||||||| |||| 00| 0 pan d | ||
| 024 | _a63067 | ||
| 037 | _cTextual | ||
| 040 |
_aCRL _cCRL _bpan |
||
| 041 |
_2pan _apan |
||
| 082 | _aO153,2NNA,2, w1L9 | ||
| 100 | _aਨਾਰੰਗ, ਸੀ. ਐਲ., ਂਚ. | ||
| 245 | 0 | _aਸਾਹਿਬਾਂ | |
| 260 | _c1979 | ||
| 650 | _aਪੰਜਾਬੀ ਸਾਹਿਤ | ||
| 942 |
_hO153,2NNA,2, w1L9 _cTEXL _2cc |
||
| 999 |
_c1067630 _d1067630 |
||